El Palau Güell i la seva època : del 14 d'octubre a l'11 d novembre a les 19 a l'espai de la cotxera del 14 d'octubre a l'11 d novembre a les 19 a l'espai de la cotxera
Descripción Física:
6 pàgines : il·lustracions ; 21 cm
Idioma:
Catalán
MARC
| LEADER | 00000nam a22000007a 4500 | ||
|---|---|---|---|
| 001 | 25983 | ||
| 003 | Arxiu | ||
| 005 | 20260324181125.0 | ||
| 008 | 220617b spa||||| |||| 00| 0 cat d | ||
| 017 | |a DL B 24272-2019 | ||
| 080 | |a FU-71-1 | ||
| 111 | |a Cicle de Conferències del Palau Güell |n (11è : |d 2019 : |c Barcelona) |9 53521 | ||
| 245 | |a El Palau Güell i la seva època : |b del 14 d'octubre a l'11 d novembre a les 19 a l'espai de la cotxera | ||
| 260 | |a Barcelona : |b Diputació de Barcelona. Palau Güell, |c 2019 | ||
| 300 | |a 6 pàgines : |b il·lustracions ; |c 21 cm | ||
| 500 | |a A la portada: XI cicle de conferències del Palau Güell | ||
| 610 | 2 | 0 | |a Palau Güell (Barcelona) |9 17034 |
| 610 | 0 | |9 53522 |a Palau Güell (Barcelona) |x Història | |
| 710 | 2 | |a Palau Güell (Barcelona) |9 17034 | |
| 942 | |2 udc |c ARXIU |n 1 | ||
| 952 | |0 0 |1 0 |4 0 |6 FU711 |7 1 |9 62448 |a Arxiu |b Arxiu |d 2022-06-17 |l 0 |o FU-71-1 |p 25983 |r 2022-06-17 00:00:00 |w 2022-06-17 |y ARXIU | ||
| 999 | |c 82085 |d 82085 | ||